| 000 | 02037nam a2200361 c 4500 | ||
|---|---|---|---|
| 003 | BLK | ||
| 005 | 20180422113505.0 | ||
| 008 | 180410b bul|||||r ||||||| ||bul|| | ||
| 010 | _aKNG00163931000 | ||
| 040 | _aBLK | ||
| 041 |
_aBUL _cBUL |
||
| 080 |
_aИкономически теории. Икономически учения и школи _b330.8 _x(075.8) _z330.8(075.8) |
||
| 700 | 1 |
_aГригоров, Кирил Йорданов _eсъавт. _9381301 |
|
| 700 | 1 |
_aБеязов, Чавдар Н. _e* _9333575 |
|
| 700 | 1 |
_aМечев, Стефан А. _e* _9333576 |
|
| 700 | 1 |
_aКоцев, Иван П. _e* _9333577 |
|
| 700 | 1 |
_aПетков, Петко Иванов _e* _9364561 |
|
| 139 |
_aИстория на икономическите учения _bИ 95 |
||
| 245 | 1 | 0 |
_aИстория на икономическите учения _bУчебник за студентите от ВИИ К. Маркс - София _cсъавт. Кирил Йорданов Григоров; * Чавдар Н. Беязов; * Стефан А. Мечев; * Иван П. Коцев; * Петко Иванов Петков. |
| 257 | _aBGR | ||
| 260 |
_аСофия _bВИИ Карл Маркс _c1990 |
||
| 300 |
_a475 с. _c22 см |
||
| 380 | _a3 | ||
| 500 | _aДруги авт.: Ч. Беязов, Ст. А. Мечев, Ив. П. Коцев, П. Ив. Петков, М. А. Кънев, А. Балтаджиева, С. Добрева, Л. Д. Кирев, Вл. Владимиров, К. Р. Бекярова, Св. Б. Тошкова. - Офс. изд. - 10 085 тир. - Библиогр. под линия | ||
| 650 | 4 |
_aИкономически учения - история - учебници за ВУЗ _9259911 |
|
| 653 | _aикономически учения | ||
| 653 | _aистория | ||
| 852 | _aЦб 162121 | ||
| 856 | 4 |
_qpdf _u |
|
| 856 | 4 |
_qpdf _u |
|
| 942 |
_cKNG _n0 _01 |
||
| 944 |
_aCR _c08.08.2014 _l08.08.2014 - от С1,Р / 08.08.2014 _kПавлина_Енева |
||
| 944 |
_aED _c08.06.2017 _l08.08.2014 - от С1,Р / 08.08.2014 _kМикаела_Микова-Илиев |
||
| 999 |
_c157015 _d157015 |
||